000 01610cam a2200169 4500500
005 20260329004720.0
041 _afre
042 _adc
100 1 0 _aJoël, Marie-Ève
_eauthor
245 0 0 _aLe financement de la dépendance en Europe
260 _c1992.
500 _a8
520 _aThis text examines the historical evolution of scientific research models, from Enlightenment-based fundamental research to contemporary participatory research. Each period addresses specific societal challenges: understanding the world, solving problems, technological innovation, or social transformation. In response to current ecological and democratic crises, it argues for a scientific continuum based on the complementarity of knowledge, integrating citizens and researchers to build sustainable and just solutions.
520 _aCe texte analyse l’évolution historique des modèles de recherche scientifique, de la recherche fondamentale issue des Lumières à la recherche participative contemporaine. Chaque période répond à des enjeux sociétaux spécifiques : compréhension du monde, résolution de problèmes, innovation technologique ou transformation sociale. Face aux crises écologiques et démocratiques actuelles, il défend un continuum scientifique fondé sur la complémentarité des savoirs, intégrant citoyens et chercheurs pour construire des réponses durables et justes.
786 0 _nGérontologie et société | 15 /  60 | 1 | 1992-09-01 | p. 41-58 | 0151-0193
856 4 1 _uhttps://shs.cairn.info/revue-gerontologie-et-societe1-1992-1-page-41?lang=fr&redirect-ssocas=7080
999 _c1836569
_d1836569